[Event "Andalucia-ch U14"]
[Site "Islantilla"]
[Date "2012.04.13"]
[Round "3"]
[White "Perez Tores, Juan Miguel"]
[Black "Matos Bellido, Isidro"]
[Result "1-0"]
[WhiteElo "1834"]
[BlackElo "1353"]
[PlyCount "85"]
[EventDate "2012.04.13"]
[EventType "swiss"]
[EventRounds "9"]
[EventCountry "ESP"]
[SourceTitle "CBM 148 Extra"]
[Source "ChessBase"]
[SourceDate "2012.06.22"]
[SourceVersion "1"]
[SourceVersionDate "2012.06.22"]
[SourceQuality "1"]

1. e4 d6 2. d4 g6 3. Nc3 Bg7 4. Nf3 Nf6 5. h3 b6 6. Bd3 Na6 7. Bb5+ Nd7 8. Bc6 Rb8 9. Nb5 Nb4 10. Nxa7 Bb7 11. Bxb7 Rxb7 12. Nb5 c6 13. Nc3 d5 14. exd5 Nxd5 15. Nxd5 cxd5 16. 0-0 0-0 17. Bf4 b5 18. c3 Re8 19. Qb3 e6 20. a4 Qa5 21. axb5 Qxb5 22. Qxb5 Rxb5 23. b4 Rc8 24. Ra3 Nf6 25. Nd2 h6 26. Rfa1 Nh5 27. Bd6 Rb6 28. Bc5 Rbb8 29. Rb3 Nf4 30. b5 Nd3 31. Bd6 Rb6 32. Ra6 Rb7 33. b6 Nc1 34. Rb4 Ne2+ 35. Kh2 Nxc3 36. Ra7 Rxb6 37. Rxb6 Bxd4 38. Rc7 Rxc7 39. Rb8+ Kg7 40. Bxc7 Bxf2 41. Be5+ f6 42. Rb7+ Kg8 43. Bxf6 1-0